|
|
|
|
| LEADER |
01538nam a2200325 a 4500 |
| 001 |
29373 |
| 003 |
BD-DhAAL |
| 005 |
20150611162217.0 |
| 008 |
150611s2012 it a b 100 0 eng d |
| 010 |
|
|
|a 2013381167
|
| 020 |
|
|
|a 9788875433406
|
| 040 |
|
|
|a ItFiC
|c ItFiC
|d DLC
|
| 050 |
0 |
0 |
|a PE1073
|b .G55 2011
|
| 082 |
|
|
|2 22
|a 427
|
| 111 |
2 |
|
|a Giornata di studio su inglese lingua franca
|d (2011 :
|c Ca' Foscari University)
|9 11942
|
| 245 |
1 |
0 |
|a English lingua franca :
|b contexts, strategies and international relations : papers from a Conference held at Ca' Foscari University of Venice, October 2011 /
|c edited by Geraldine Ludbrook and David Newbold.
|
| 250 |
|
|
|a 1st ed.
|
| 260 |
|
|
|a Venezia :
|b Cafoscarina,
|c 2012.
|
| 300 |
|
|
|a 134 p. :
|b ill. (some col.) ;
|c 24 cm.
|
| 504 |
|
|
|a Includes bibliographical references.
|
| 541 |
|
|
|e 29373
|
| 650 |
|
0 |
|a English language
|x Globalization
|v Congresses.
|9 11943
|
| 650 |
|
0 |
|a English language
|z Foreign countries
|v Congresses.
|9 11944
|
| 650 |
|
0 |
|a Intercultural communication
|v Congresses.
|9 11945
|
| 700 |
1 |
|
|a Ludbrook, Geraldine.
|9 11946
|
| 700 |
1 |
|
|a Newbold, David.
|9 11947
|
| 942 |
|
|
|2 ddc
|c BK
|
| 999 |
|
|
|c 34693
|d 34693
|
| 952 |
|
|
|0 0
|1 0
|2 ddc
|4 0
|6 427_000000000000000_ENG
|7 0
|9 54259
|a BRACUL
|b BRACUL
|c GEN
|d 2015-06-11
|e Department of ENH, BRAC University
|l 0
|o 427 ENG
|p 3010029372
|r 2015-06-11
|t 1
|w 2015-06-11
|y BK
|
| 952 |
|
|
|0 0
|1 0
|2 ddc
|4 0
|6 427_000000000000000_ENG
|7 0
|9 54260
|a BRACUL
|b BRACUL
|c GEN
|d 2015-06-11
|e Department of ENH, BRAC University
|l 0
|o 427 ENG
|p 3010029373
|r 2015-06-11
|t 2
|w 2015-06-11
|y BK
|